Online
Catalog

Séptimo foro del Caribe colombiano : (Record no. 13812)

MARC details
000 -CABECERA
campo de control de longitud fija 00961cam a2200229 a 4500
001 - NÚMERO DE CONTROL
campo de control 000014212
005 - FECHA Y HORA DE LA ÚLTIMA TRANSACCIÓN
campo de control 20200929163525.0
008 - DATOS DE LONGITUD FIJA--INFORMACIÓN GENERAL
campo de control de longitud fija 000817s1999 ck 100 0 spa d
020 ## - NÚMERO INTERNACIONAL ESTÁNDAR DEL LIBRO
Número Internacional Estándar del Libro 958967674X
035 ## - NÚMERO DE CONTROL DEL SISTEMA
Número de control de sistema (OCoLC)ocm44944824
040 ## - FUENTE DE LA CATALOGACIÓN
Centro catalogador/agencia de origen DO-SdBNP
Lengua de catalogación spa
Centro/agencia transcriptor NYP
Centro/agencia modificador IQU
-- DLC
-- BNPHU
082 ## - NÚMERO DE LA CLASIFICACIÓN DECIMAL DEWEY
Número de clasificación 330.9861/1
Número de documento/Ítem F727
049 ## - FONDOS LOCALES (OCLC)
Fondos de biblioteca BNGR
245 00 - MENCIÓN DE TÍTULO
Título Séptimo foro del Caribe colombiano :
Resto del título Región Siglo XXI-memorias.
246 30 - FORMA VARIANTE DE TÍTULO
Título propio/Titulo breve 7mo. foro del Caribe colombiano
260 ## - PUBLICACIÓN, DISTRIBUCIÓN, ETC.
Lugar de publicación, distribución, etc. Barranquilla :
Nombre del editor, distribuidor, etc. Departamento del Atlántico :
-- Fondo de Publicaciones de la Universidad del Atlántico :
-- Premio del Patriotismo,
Fecha de publicación, distribución, etc. 1999.
300 ## - DESCRIPCIÓN FÍSICA
Extensión 212 p. ;
Dimensiones 27 cm.
651 #0 - PUNTO DE ACCESO ADICIONAL DE MATERIA--NOMBRE GEOGRÁFICO
Nombre geográfico Atlantic Coast Region (Colombia{Rpara}
Subdivisión general Economic Policy
Subdivisión de forma Congresses.
9 (RLIN) 32110
651 #0 - PUNTO DE ACCESO ADICIONAL DE MATERIA--NOMBRE GEOGRÁFICO
Nombre geográfico Atlantic Coast Region (Colombia{Rpara}
Subdivisión general Social Policy
Subdivisión de forma Congresses.
9 (RLIN) 32111
710 1# - PUNTO DE ACCESO ADICIONAL--NOMBRE DE ENTIDAD CORPORATIVA
Nombre de entidad corporativa o nombre de jurisdicción como elemento de entrada Consejo Regional de Planificacion de la Costa Atlantica (Colombia)
9 (RLIN) 32112
910 ## - DATOS DE OPCIÓN DEL USUARIO (OCLC)
Datos de opción del usuario Catalogación por copia / LC
Holdings
Estado de retiro Estado de pérdida Restricciones de uso No para préstamo Código de colección Localización permanente Ubicación/localización actual Ubicación en estantería Fecha de adquisición Número de inventario Total de préstamos Signatura topográfica completa Código de barras Fecha visto por última vez Precio válido a partir de Tipo de ítem Koha
        Monografías: Libros y Folletos General General En catalogación 07.12.2009 LF1   330.9861/1 F727 14212-10 25.06.2020 25.06.2020 Préstamo en sala

Powered by Koha